000 01332nam a2200349Ia 4500
001 ebr10150419
003 CaPaEBR
006 m u
007 cr cn|||||||||
008 050915s2006 nyua sb 001 0 eng d
010 _z 2005054744
020 _z1403983135
020 _z1403971870
024 3 _z9781403971876
040 _aCaPaEBR
_cCaPaEBR
035 _a(OCoLC)567962709
050 1 4 _aU43.C6
_bM68 2006eb
082 0 4 _a355.001
_222
100 1 _aMott, William H.,
_d1939-
245 1 4 _aThe philosophy of Chinese military culture
_h[electronic resource] :
_bShih vs. Li /
_cWilliam H. Mott IV and Jae Chang Kim.
250 _a1st ed.
260 _aNew York, N.Y. :
_bPalgrave Macmillan,
_c2006.
300 _axii, 308 p. :
_bill.
504 _aIncludes bibliographical references (p. [279]-294) and index.
533 _aElectronic reproduction.
_bPalo Alto, Calif. :
_cebrary,
_d2009.
_nAvailable via World Wide Web.
_nAccess may be limited to ebrary affiliated libraries.
650 0 _aMilitary art and science
_zChina
_xPhilosophy.
651 0 _aChina
_xCivilization.
655 7 _aElectronic books.
_2local
700 1 _aKim, Jae Chang.
710 2 _aebrary, Inc.
856 4 0 _uhttp://site.ebrary.com/lib/rucke/Doc?id=10150419
_zAn electronic book accessible through the World Wide Web; click to view
999 _c94601
_d94601